Airport and City codes - Statistics

General Stats
  • This quiz has been taken 403 times
  • The average score is 59 of 256
Answer Stats
Hint Answer % Correct
AMS Amsterdam
87%
CAI Cairo
87%
ROM Rome
77%
LON London
75%
OSL Oslo
72%
DUB Dublin
71%
ATH Athens
70%
BOS Boston
70%
MAD Madrid
69%
IST Istanbul
67%
LAX Los Angeles
65%
SFO San Francisco
65%
DXB Dubai
64%
SYD | YQY Sydney
64%
LIS Lisbon
63%
ZRH Zurich
63%
HEL Helsinki
62%
LAS Las Vegas
62%
MAN Manchester
61%
SEA Seattle
61%
BKK Bangkok
59%
BUD Budapest
59%
PRG Prague
59%
DOH Doha
57%
MOW Moscow
57%
YYZ Toronto
57%
BCN Barcelona
56%
NCE Nice
56%
ATL Atlanta
55%
HNL Honolulu
55%
MIA Miami
55%
MUC Munich
55%
FRA Frankfurt
54%
LUX Luxembourg
53%
DEN Denver
52%
YVR Vancouver
52%
MCO Orlando
51%
GVA Geneva
50%
LHR Heathrow
50%
HKG Hong Kong
50%
PER Perth
50%
TLV Tel Aviv
50%
BRU Brussels
49%
LGW Gatwick
49%
PHX Phoenix
48%
DFW Dallas
47%
MNL Manila
47%
AMM Amman
46%
DUS Dusseldorf
46%
MEX Mexico
46%
IBZ Ibiza
45%
CPT Cape town
44%
PHL Philadelphia
44%
TPE Taipei
44%
AKL Auckland
43%
MEM Memphis
43%
YUL Montreal
43%
SAN San Diego
43%
SHA Shanghai
43%
TPA Tampa
43%
ANK Ankara
42%
CLE Cleveland
41%
GIB Gibraltar
41%
LIM Lima
41%
IAD Washington
41%
SJC | SJO San Jose
40%
BNE Brisbane
39%
FLL Fort Lauderdale
39%
STO Stockholm
39%
BOG Bogota
38%
CUN Cancun
38%
JKT Jakarta
38%
EWR Newark
38%
AUH Abu Dhabi
37%
JNB Johannesburg
37%
KUL Kualalumpur
37%
NRT Narita
37%
DTW Detroit
34%
YOW Ottawa
34%
SAO Sao Paulo
33%
DUR Durban
31%
RIO Rio de Janeiro
31%
CLT Charlotte
30%
LYS Lyon
30%
TRN Turin
30%
ALG Alger
29%
LGA La Guardia
29%
YYC Calgary
27%
ORD Ohare
26%
SLC Salt Lake City
26%
BJS Beijing
25%
MSP Minneapolis
25%
CMB Colombo
24%
YEG Edmonton
24%
MSY New Orleans
24%
FAO Faro
23%
GOT Gothenburg
23%
PDX Portland
23%
BWI Baltimore
22%
BEG Belgrade
22%
DAC Dhaka
22%
YQB Quebec
22%
UIO Quito
22%
RTM Rotterdam
22%
YWG Winnipeg
22%
CCS Caracas
21%
CHC Christchurch
21%
YHZ Halifax
21%
NCL NewCastle
21%
BUE Buenos Aires
20%
NBO Nairobi
20%
MVD Montevideo
19%
OUA Ouagadougou
19%
ALB Albany
18%
BZE Belize
18%
LCA Larnaca
18%
BUH Bucharest
17%
WLG Wellington
17%
DKR Dakar
16%
LOS Lagos
16%
BZV Brazzaville
15%
NAN Nadi
15%
SJU San Juan
15%
TXL Tegel
15%
ASU Asuncion
14%
JIB Djibouti
14%
PTY Panama
14%
PUJ Punta Cana
14%
ACC Accra
13%
BJM Bujumbura
13%
CVG Cincinnati
13%
LAD Luanda
13%
PNH Phnom-Penh
13%
SAT San Antonio
13%
YAO Yaounde
13%
BSB Brasilia
12%
CUR Curacao
12%
CDG Charles de Gaule
11%
GDL Guadalajara
11%
GUA Guatemala
11%
PAP Port au prince
11%
REC Recife
11%
YYJ Victoria
11%
VTE Vientiane
11%
ACA Acapulco
10%
BOD Bordeaux
10%
CZM Cozumel
10%
GBE Gaborone
10%
HRE Harare
10%
YQR Regina
10%
ANU | YYT St. Johns
10%
TUN Tunis
10%
AUA Aruba
9%
CMN Casablanca
9%
HAM Hambourg
9%
NAS Nassau
9%
SAL San Salvador
9%
BKO Bamako
7%
BON Bonaire
7%
BGI Bridgetown
7%
DLA Douala
7%
HOU Huston
7%
JFK J.F. Kennedy
7%
LPB La Paz
7%
MGA Managua
7%
PPT Papeete
7%
SDQ Santo Domingo
7%
THR Teheran
7%
CKY Conakry
6%
COO Cotonou
6%
EBB Entebbe
6%
KRT Khartoum
6%
FIH Kinshasa
6%
MRY Monterrey
6%
PRY Pretoria
6%
POP Puerto Plata
6%
TIP Tripoli
6%
VRA Varadero
6%
VCE Venise
6%
BGW Bagdad
5%
CCC Cayo Coco
5%
COR Cordoba
5%
DAR Dar es Salaam
5%
KGL Kigali
5%
RAK Marrakech
5%
MZT Mazatlan
5%
MBA Mombasa
5%
SCL Santiago De Chile
5%
WDH Windhoek
5%
FCO Leonardo Da Vinci
4%
LBV Libreville
4%
YSJ Saint-john
4%
YZF Yellowknife
4%
AGA Agadir
3%
YYG Charlottetown
3%
YYQ Churchill
3%
DHA Dhahran
3%
GYE Guayaquil
3%
KTP Kingston
3%
SEZ Mahe
3%
NIM Niamey
3%
PIT Pittsbourgh
3%
SJD San Jose Del Cabo
3%
SIN Singapour
3%
TGU Tegucigalpa
3%
YBA Banff
2%
CYO Cayo Largo
2%
DJE Djerba
2%
FPO Freeport
2%
FNA Freetown
2%
HUX Huatulco
2%
ZIH Ixtapa
2%
LFW Lome
2%
SSG Malabo
2%
MPM Maputo
2%
NKC Nouakchott
2%
SEL Seul
2%
LED St-Petersbourg
2%
TNG Tanger
2%
ABJ Abdijan
1%
BAQ Barranquilla
1%
BDA Bermudas
1%
BXO Bissau
1%
GMC Cayman ilands
1%
CMH Colombus Iland
1%
FDF Fort de France
1%
YFC Frederiction
1%
IAH George Bush Huston
1%
KBL Kaboul
1%
LUN Lusaka
1%
ZLO Manzanillo
1%
MID Merida
1%
NAP Napoles
1%
NDJ Ndjamena
1%
PBG Plattsburgh
1%
PTP Pointe a pitre
1%
MRU Port Louis
1%
PVR Puert Vallarta
1%
RUN Saint-Denis
1%
PLS Turks and Caicos
1%
BWN Bandar Deri Begawan
0%
BGF Banguil
0%
BEW Beira
0%
HAV La Havana
0%
LLW Lilingwe
0%
FBM Lubumbashi
0%
MGQ Mogadiscio
0%
MLW Monorovia
0%
NLA Ndola
0%
SFG Saint-Martin
0%
TNR Tananarive
0%
TOM Tomboctou
0%
POS Trinidad and Tobago
0%
No matching quizzes found
Score Distribution
Percent of People with Each Score
Percentile by Number Answered
Your Score History
You have not taken this quiz